№ 7-8; Огнеупоры и техническая керамика

書誌詳細
Parent link:Огнеупоры и техническая керамика: международный научно-технический и производственный журнал/ ООО "Меттекс". № 7-8.— , 1996-
言語:ロシア語
出版事項: 2019
フォーマット: 図書
KOHA link:https://koha.lib.tpu.ru/cgi-bin/koha/opac-detail.pl?biblionumber=584668

MARC

LEADER 00000nam2a2200000 4500
001 584668
005 20231101131148.0
035 |a (RuTPU)RU\TPU\prd\286371 
090 |a 584668 
100 |a 20191126a19339999k y0rusy50 ca 
101 0 |a rus 
102 |a RU 
200 0 |a № 7-8 
210 |d 2019 
461 1 |0 (RuTPU)RU\TPU\prd\530  |t Огнеупоры и техническая керамика  |o международный научно-технический и производственный журнал  |f ООО "Меттекс"  |v № 7-8  |d 1996- 
801 0 |a RU  |b 63413507  |c 20010227  |g PSBO 
801 1 |a RU  |b 63413507  |c 20191126 
801 2 |a RU  |b 63413507  |c 20230522  |g RCR 
942 |c BK 
999 |a НТБ_ТПУ  |b НФ  |e -1/20190109  |p П-3139  |s 1/20190819  |u 0,00  |v 1